Представление документа в формате RUSMARC

ПолеНазваниеЗначение
  Тип записи a
  Библиографический уровень m
001 Контрольный номер RU/REG73/CBS_GRAD/5f9b81f18faf4429a16837d401e0a97b
005 Дата корректировки 20230606093625.2
010 Индекс ISBN __
a ISBN 978-5-17-136926-2
101 Язык документа 0_
a Язык текста rus
200 Заглавие и сведения об ответственности 1_
a Заглавие Алёнушкины сказки
f Первые сведения об ответственности Дмитрий Николаевич Мамин-Сибиряк; художник Г. Юдин
b Общее обозначение материала Текст
203 Вид содержания и тип средства __
a Вид содержания Текст (визуальный) : непосредственный
210 Выходные данные 1_
a Место издания Москва
c Издательство Издательство АСТ
d Дата издания 2021
215 Физическое описание __
a Объем 61 с.: иллюстрации
225 Серия 2_
a Серия Библиотека начальной школы
686 Индексы других классификаций __
a Классификационный индекс 84(2 Рос=Рус)
700 Автор _1
a Фамилия Мамин-Сибиряк
g Полное личное имя Дмитрий Наркисович
801 Источник записи _0
a Страна RU
b Организация RuCBSGrad
g Правила каталогизации PSBO
801 Источник записи _1
a Страна RU
b Организация RuCBSGrad
g Правила каталогизации PSBO
901 Тип документа __
t Тип документа m
981 __
b i
g e
2 isbdcontent
982 __
b n
2 isbdmedia
993 __
a 5756
b 2312
c 25
e 280334
f ЦГДБ
h 101.82
i 280334
m 1
n 44101.578356
o I
x 1
y 1
z 84(2 Рос=Рус) 1
993 __
a 5757
b 2312
c 25
e 280335
f ЦГДБ
h 101.82
i 280335
m 1
n 44101.578356
o I
x 1
y 1
z 84(2 Рос=Рус) 1
993 __
a 5758
b 2312
c 25
e 280336
f ЦГДБ
h 101.82
i 280336
m 1
n 44101.578356
o I
x 1
y 1
z 84(2 Рос=Рус) 1
993 __
a 5759
b 2312
c 25
e 280337
f ЦГДБ
h 101.82
i 280337
m 1
n 44101.578356
o I
x 1
y 1
z 84(2 Рос=Рус) 1
993 __
a 5760
b 2312
c 25
e 280338
f ЦГДБ
h 101.82
i 280338
m 1
n 44101.578356
o I
x 1
y 1
z 84(2 Рос=Рус) 1
993 __
a 5761
b 2312
c 25
e 280339
f ЦГДБ
h 101.82
i 280339
m 1
n 44101.578356
o I
x 1
y 1
z 84(2 Рос=Рус) 1
993 __
a 5762
b 2312
c 25
e 280340
f ЦГДБ
h 101.82
i 280340
m 1
n 44101.578356
o I
x 1
y 1
z 84(2 Рос=Рус) 1
993 __
a 5763
b 2312
c 25
e 280341
f ЦГДБ
h 101.82
i 280341
m 1
n 44101.578356
o I
x 1
y 1
z 84(2 Рос=Рус) 1
993 __
a 5764
b 2312
c 26
e 280383
f ЦГДБ
h 101.82
i 280383
m 1
n 44101.578356
o I
x 1
y 1
z 84(2 Рос=Рус) 1
993 __
a 5765
b 2312
c 26
e 280384
f ЦГДБ
h 101.82
i 280384
m 1
n 44101.578356
o I
x 1
y 1
z 84(2 Рос=Рус) 1